000
00328nam a22001457a 4500
008
210305b ||||| |||| 00| 0 eng d
020
_a
0443080011
041
_a
eng
080
_a
61
082
_2
61
100
_a
3
101
_a
SHM
245
_a
Atlas of Gray Scale Ultrasonography
_c
Kenneth J.W.Taylor
942
_2
udc
_c
BK
999
_c
55774
_d
55774